Membres De La Famille Macdonalds - Statistiques

Statistiques générales
  • Ce quiz a été pris 25 fois
    21 depuis la dernière actualisation
  • Le résultat moyen est 12 sur 18
Statistiques - réponses
Famille Macdo Membre % Correct
Membre Actuel Armand
100%
Membre Actuel Astruc
100%
Membre Actuel Deeco
100%
Membre Actuel Smileyto
100%
Membre Actuel Zascuns
100%
Membre Actuel Maxgoku
86%
Membre Actuel Mec.
86%
Ancien Membre Nimaro
86%
Membre Actuel Paupok
86%
Membre Actuel Quantrum
86%
Membre Actuel ThatVeganTeacher
71%
Ancien Membre Affamocc
57%
Ancien Membre Gabigab
43%
Ancien Membre Hayto
43%
Ancien Membre Azpluc
29%
Ancien Membre L'intello
29%
Ancien Membre Matt La Loose
29%
Ancien Membre Sunny
14%
Aucun quiz correspondant
Distribution des résultats
% des personnes avec chaque résultat
Percentile par nombre de réponses
Votre historique - résultats
Vous n’avez pas pris ce quiz depuis la dernière actualisation